Extreme Markets.
At any given moment, some market somewhere is making headlines because it’s either hitting record highs or crashing down to earth. Learn how to approach the uncertainty of financial markets with savvy and common sense. Focus on strategies that can help you reach your financial goals..
| Corporate Authors: | , |
|---|---|
| Format: | Video |
| Language: | English |
| Language Notes: | In English |
| Published: |
[San Francisco, California, USA] :
The Great Courses,
2015.
Kanopy Streaming, 2016. |
| Subjects: | |
| Online Access: | Connect to this streaming video |
MARC
| Tag | First Indicator | Second Indicator | Subfields |
|---|---|---|---|
| LEADER | 00000cgm a22000004a 4500 | ||
| 001 | in00003752139 | ||
| 006 | m o c | ||
| 007 | cr una---unuuu | ||
| 007 | vz uzazuu | ||
| 008 | 160825p20162015cau030 o vleng d | ||
| 005 | 20260324165418.4 | ||
| 028 | 5 | 2 | |a 1167839 |b Kanopy |
| 035 | |a (OCoLC)956904359 | ||
| 035 | |a (CaSfKAN)kan1167839 | ||
| 040 | |a VDU |b eng |c VDU |d UtOrBLW | ||
| 245 | 0 | 0 | |a Extreme Markets. |
| 264 | 1 | |b The Great Courses, |c 2015. | |
| 264 | 1 | |a [San Francisco, California, USA] : |b Kanopy Streaming, |c 2016. | |
| 300 | |a 1 online resource (streaming video file) (31 minutes): |b digital, .flv file, sound | ||
| 306 | |a 003013 | ||
| 336 | |a two-dimensional moving image |b tdi |2 rdacontent | ||
| 337 | |a computer |b c |2 rdamedia | ||
| 338 | |a online resource |b cr |2 carrier | ||
| 500 | |a Title from title frames. | ||
| 500 | |a Film | ||
| 518 | |a Originally produced by The Great Courses in 2015. | ||
| 520 | |a At any given moment, some market somewhere is making headlines because it’s either hitting record highs or crashing down to earth. Learn how to approach the uncertainty of financial markets with savvy and common sense. Focus on strategies that can help you reach your financial goals.. | ||
| 538 | |a Mode of access: World Wide Web. | ||
| 546 | |a In English | ||
| 500 | |a Electronic resource. | ||
| 650 | 0 | |a Globalization. |0 http://id.loc.gov/authorities/subjects/sh99010179 | |
| 655 | 7 | |a Internet videos. |2 lcgft |0 http://id.loc.gov/authorities/genreForms/gf2011026337 | |
| 655 | 7 | |a Educational films. |2 lcgft |0 http://id.loc.gov/authorities/genreForms/gf2011026219 | |
| 710 | 2 | |a Great Courses (Firm),$4dst. | |
| 710 | 2 | |a Kanopy (Firm),$4dst. | |
| 856 | 4 | 0 | |u http://proxy.library.tamu.edu/login?url=https://texasam.kanopystreaming.com/node/167840 |z Connect to this streaming video |t 0 |
| 999 | f | f | |s f5484f73-2bed-3a70-a6b8-9dc3dde9265d |i 6acc2f0d-875f-3dc1-98db-71e285ec12ab |t 0 |
| 952 | f | f | |a Texas A&M University |b College Station |c Electronic Resources |s www_evans |d Available Online |t 0 |h No information provided |
| 998 | f | f | |t 0 |l Available Online |